|
|
|
|
| LEADER |
03361nam a2200517 4500 |
| 001 |
978-3-319-93827-1 |
| 003 |
DE-He213 |
| 005 |
20191027001752.0 |
| 007 |
cr nn 008mamaa |
| 008 |
180728s2018 gw | s |||| 0|eng d |
| 020 |
|
|
|a 9783319938271
|9 978-3-319-93827-1
|
| 024 |
7 |
|
|a 10.1007/978-3-319-93827-1
|2 doi
|
| 040 |
|
|
|d GrThAP
|
| 050 |
|
4 |
|a QA76.889
|
| 050 |
|
4 |
|a QA402.5-QA402.6
|
| 072 |
|
7 |
|a UYA
|2 bicssc
|
| 072 |
|
7 |
|a SCI057000
|2 bisacsh
|
| 072 |
|
7 |
|a UYA
|2 thema
|
| 082 |
0 |
4 |
|a 004.1
|2 23
|
| 100 |
1 |
|
|a Amaral, Barbara.
|e author.
|4 aut
|4 http://id.loc.gov/vocabulary/relators/aut
|
| 245 |
1 |
0 |
|a On Graph Approaches to Contextuality and their Role in Quantum Theory
|h [electronic resource] /
|c by Barbara Amaral, Marcelo Terra Cunha.
|
| 250 |
|
|
|a 1st ed. 2018.
|
| 264 |
|
1 |
|a Cham :
|b Springer International Publishing :
|b Imprint: Springer,
|c 2018.
|
| 300 |
|
|
|a IX, 135 p. 42 illus., 25 illus. in color.
|b online resource.
|
| 336 |
|
|
|a text
|b txt
|2 rdacontent
|
| 337 |
|
|
|a computer
|b c
|2 rdamedia
|
| 338 |
|
|
|a online resource
|b cr
|2 rdacarrier
|
| 347 |
|
|
|a text file
|b PDF
|2 rda
|
| 490 |
1 |
|
|a SpringerBriefs in Mathematics,
|x 2191-8198
|
| 505 |
0 |
|
|a Chapter 01- Introduction -- Chapter 02- Contextuality: the Compatibility-Hypergraph Approach -- Chapter 03- Contextuality: the Exclusivity-Graph Approach -- Chapter 04- The Exclusivity Principle and Its Consequences -- Appendix A- State-independent proofs of the Bell-Kochen-Specker Theorem.
|
| 520 |
|
|
|a This book explores two of the most striking features of quantum theory - contextuality and nonlocality - using a formulation based on graph theory. Quantum theory provides a set of rules to predict probabilities of different outcomes in different experimental settings, and both contextuality and nonlocality play a fundamental role in interpreting the outcomes. In this work, the authors highlight how the graph approach can lead to a better understanding of this theory and its applications. After presenting basic definitions and explaining the non-contextuality hypothesis, the book describes contextuality scenarios using compatibility hypergraphs. It then introduces the exclusivity graph approach, which relates a number of important graph-theoretical concepts to contextuality. It also presents open problems such as the so-called Exclusivity Principle, as well as a selection of important topics, like sheaf-theoretical approach, hypergraph approach, and alternative proofs of contextuality.
|
| 650 |
|
0 |
|a Quantum computers.
|
| 650 |
|
0 |
|a Graph theory.
|
| 650 |
|
0 |
|a Quantum physics.
|
| 650 |
1 |
4 |
|a Quantum Computing.
|0 http://scigraph.springernature.com/things/product-market-codes/M14070
|
| 650 |
2 |
4 |
|a Graph Theory.
|0 http://scigraph.springernature.com/things/product-market-codes/M29020
|
| 650 |
2 |
4 |
|a Quantum Physics.
|0 http://scigraph.springernature.com/things/product-market-codes/P19080
|
| 700 |
1 |
|
|a Terra Cunha, Marcelo.
|e author.
|4 aut
|4 http://id.loc.gov/vocabulary/relators/aut
|
| 710 |
2 |
|
|a SpringerLink (Online service)
|
| 773 |
0 |
|
|t Springer eBooks
|
| 776 |
0 |
8 |
|i Printed edition:
|z 9783319938264
|
| 776 |
0 |
8 |
|i Printed edition:
|z 9783319938288
|
| 830 |
|
0 |
|a SpringerBriefs in Mathematics,
|x 2191-8198
|
| 856 |
4 |
0 |
|u https://doi.org/10.1007/978-3-319-93827-1
|z Full Text via HEAL-Link
|
| 912 |
|
|
|a ZDB-2-SMA
|
| 950 |
|
|
|a Mathematics and Statistics (Springer-11649)
|